[Event "King of the Hill: King of the Hill Test Tournament"]
[Site "SchemingMind.com"]
[Date "2022.01.15"]
[Round "-"]
[White "Arnold Jones"]
[Black "Manfred Kraut"]
[Result "1-0"]
[WhiteCountry "ENG"]
[BlackCountry "GER"]
[WhiteElo "1245"]
[WhiteRD "152"]
[BlackElo "1284"]
[BlackRD "196"]
[GameID "719620"]

1. d4 g6 2. e4 d6 3. d5 Bg7 4. c4 Nd7 5. Nf3 Ne5 6. Nd4 Nf6 7. Nd2 O-O 8. f4 Neg4 9. Qb3 Nh5 10. N2f3 e5
11. dxe6 fxe6 12. Ne2 Ngf6 13. Qc2 c6 14. Be3 Qc7 15. h3 b6 16. g4 Nxf4 17. Bxf4 e5 18. Be3 Be6 19. Ng5 Bc8 20. Nc3 Nd7
21. Ne6 Qb7 22. Nxf8 Bxf8 23. O-O-O Nc5 24. b4 Ne6 25. a3 Qa6 26. a4 Qb7 27. Kb2 a5 28. b5 c5 29. Nd5 Be7 30. h4 Bf8
31. g5 Nd4 32. Nf6+ Kf7 33. Bxd4 exd4 34. Bd3 Bg7 35. Rdf1 Ke7 36. Qh2 h6 37. Ng8+
1-0

[Event "King of the Hill: King of the Hill Test Tournament"]
[Site "SchemingMind.com"]
[Date "2022.01.14"]
[Round "-"]
[White "geekknight"]
[Black "surfnsuds"]
[Result "1-0"]
[WhiteCountry "NED"]
[BlackCountry "USA"]
[WhiteElo "1775"]
[WhiteRD "152"]
[BlackElo "1365"]
[BlackRD "154"]
[GameID "719621"]

1. e4 e5 2. Nf3 Qf6 3. Nc3 Qf4 4. d4 Qf6 5. dxe5 Qc6 6. Bb5 Qc5 7. Be3 Qe7 8. Nd5 Qd8 9. Bg5 f6 10. exf6 gxf6
11. Qd4 Be7 12. O-O-O c6 13. Nxe7 Kxe7 14. Bc4 h6 15. Qd6+ Ke8 16. Bh4 Qe7 17. e5 Qxd6 18. exd6 b5 19. Kd2 c5 20. Ke3 f5
21. Kf4 Nc6 22. Kxf5 Nf6 23. Bxf6 Nd4+ 24. Ke5
1-0

[Event "King of the Hill: King of the Hill Test Tournament"]
[Site "SchemingMind.com"]
[Date "2022.01.14"]
[Round "-"]
[White "geekknight"]
[Black "JPT"]
[Result "1-0"]
[WhiteCountry "NED"]
[BlackCountry "INT"]
[WhiteElo "1782"]
[WhiteRD "174"]
[BlackElo "1546"]
[BlackRD "158"]
[GameID "719622"]

1. e4 e5 2. Nf3 Nc6 3. Bb5 Bc5 4. c3 Nf6 5. d3 Ke7 6. Bg5 a6 7. Bc4 b5 8. Bb3 Kd6 9. O-O h6 10. Be3 Bb7
11. Bxc5+ Kxc5 12. d4+ exd4 13. cxd4+ Kb6 14. Nc3 Na5 15. d5 Re8 16. e5 d6 17. Qd4+ c5 18. dxc6+ Kxc6 19. Rfc1 dxe5 20. Nxb5+ Kxb5
21. a4#
1-0

[Event "King of the Hill: King of the Hill Test Tournament"]
[Site "SchemingMind.com"]
[Date "2022.01.15"]
[Round "-"]
[White "Manfred Kraut"]
[Black "geekknight"]
[Result "0-1"]
[WhiteCountry "GER"]
[BlackCountry "NED"]
[WhiteElo "1284"]
[WhiteRD "196"]
[BlackElo "1782"]
[BlackRD "174"]
[GameID "719623"]

1. e4 e5 2. Nf3 Nc6 3. b3 Bc5 4. Bc4 Nf6 5. Bb2 d6 6. O-O Bg4 7. d3 Qd7 8. Nbd2 Nh5 9. Qe1 Nf4 10. g3 Bh3
11. Rd1 Bxf1 12. Qxf1 Nh3+ 13. Kh1 Nxf2+
0-1

[Event "King of the Hill: King of the Hill Test Tournament"]
[Site "SchemingMind.com"]
[Date "2022.01.14"]
[Round "-"]
[White "Thomas Jacob Kelly"]
[Black "geekknight"]
[Result "0-1"]
[WhiteCountry "USA"]
[BlackCountry "NED"]
[WhiteElo "1602"]
[WhiteRD "166"]
[BlackElo "1782"]
[BlackRD "174"]
[GameID "719624"]

1. f4 d5 2. Nf3 Nf6 3. c4 c6 4. b3 Bf5 5. Bb2 e6 6. e3 h6 7. Nc3 Be7 8. Ne5 Nbd7 9. g4 Bh7 10. Na4 Nxe5
11. Bxe5 Ne4 12. Bxg7 Bh4+ 13. Ke2 Rg8 14. Bd4 Nf2 15. d3 Nxd1 16. Rxd1 Bf6 17. Bh3 Bxd4 18. exd4 Qh4 19. Kd2 Qxh3 20. Kc3 b6
21. Nc5 Rxg4 22. Rhf1 bxc5 23. dxc5 Qe3
0-1

[Event "King of the Hill: King of the Hill Test Tournament"]
[Site "SchemingMind.com"]
[Date "2022.01.14"]
[Round "-"]
[White "Arnold Jones"]
[Black "geekknight"]
[Result "0-1"]
[WhiteCountry "ENG"]
[BlackCountry "NED"]
[WhiteElo "1245"]
[WhiteRD "152"]
[BlackElo "1782"]
[BlackRD "174"]
[GameID "719625"]

1. d4 d5 2. Bf4 Nf6 3. Nc3 c5 4. e3 cxd4 5. Bb5+ Nc6 6. exd4 Bf5 7. f3 e6 8. Nge2 Bd6 9. Bg5 h6 10. Bxc6+ bxc6
11. Bxf6 Qxf6 12. O-O O-O 13. f4 Rab8 14. Na4 Qg6 15. c3 Bc2 16. Qc1 Bxa4 17. b3 Bb5 18. c4 Ba6 19. a3 Rxb3 20. a4 Bxc4
21. Nc3 Qd3 22. Nd1 Qxf1#
0-1

[Event "King of the Hill: King of the Hill Test Tournament"]
[Site "SchemingMind.com"]
[Date "2022.01.15"]
[Round "-"]
[White "geekknight"]
[Black "Abstract Actuary"]
[Result "1-0"]
[WhiteCountry "NED"]
[BlackCountry "USA"]
[WhiteElo "1782"]
[WhiteRD "174"]
[BlackElo "1500"]
[BlackRD "184"]
[GameID "719626"]

1. e4 e6 2. d4 d5 3. e5 c5 4. c3 Nc6 5. Nf3 cxd4 6. cxd4 Qb6 7. Nc3 Nge7 8. Be2 Nf5 9. Be3 Qxb2 10. Rc1 Bb4
11. Qc2 Qxc3+ 12. Qxc3 Bxc3+ 13. Rxc3 Bd7 14. O-O Ke7 15. Rb1 f6 16. Rxb7 fxe5 17. Rxc6 exd4 18. Bg5+ Ke8 19. Rcc7 Bc8 20. Bb5+ Kf8
21. Rxa7 Rxa7 22. Rxc8+ Kf7 23. Ne5#
1-0

[Event "King of the Hill: King of the Hill Test Tournament"]
[Site "SchemingMind.com"]
[Date "2022.01.15"]
[Round "-"]
[White "geekknight"]
[Black "emakis"]
[Result "0-1"]
[WhiteCountry "NED"]
[BlackCountry "GRE"]
[WhiteElo "1782"]
[WhiteRD "174"]
[BlackElo "1669"]
[BlackRD "174"]
[GameID "719627"]

1. e4 c5 2. Nf3 Nc6 3. d4 cxd4 4. Nxd4 Nf6 5. Nc3 e5 6. Ndb5 d6 7. Bg5 a6 8. Na3 b5 9. Nd5 Be7 10. Bxf6 gxf6
11. c3 f5 12. Bd3 Be6 13. Qf3 f4 14. g3 b4 15. Nc4 h5 16. gxf4 Bg4 17. Qe3 exf4 18. Qxf4 Bg5 19. Qxd6 Qxd6 20. Nxd6+ Kd7
21. Nc4 Rae8 22. f4 Bf3 23. fxg5 Bxh1 24. Kd2 Bg2 25. Ke3 bxc3 26. Nb4 Rd8 27. bxc3 Rhe8 28. Rd1 Kc7 29. Be2 Rxe4+ 30. Kf2 Rxd1
31. Bxd1 Rxc4
0-1

[Event "King of the Hill: King of the Hill Test Tournament"]
[Site "SchemingMind.com"]
[Date "2022.01.14"]
[Round "-"]
[White "Diadoco"]
[Black "geekknight"]
[Result "1-0"]
[WhiteCountry "MEX"]
[BlackCountry "NED"]
[WhiteElo "1645"]
[WhiteRD "140"]
[BlackElo "1775"]
[BlackRD "152"]
[GameID "719628"]

1. e4 e5 2. Nf3 Nc6 3. Bc4 Bc5 4. c3 Nf6 5. d3 O-O 6. Bb3 d6 7. O-O h6 8. h3 Be6 9. Bc2 a5 10. d4 Ba7
11. d5 Bxh3 12. gxh3 Ne7 13. Be3 Bxe3 14. fxe3 c6 15. c4 Qb6 16. Qc1 cxd5 17. cxd5 Rac8 18. Nc3 Rc4 19. Kf2 Rfc8 20. Qb1 Nexd5
21. exd5 Nxd5 22. Nxd5 Rxc2+ 23. Kg3 Qd8 24. Rf2 Rxf2 25. Kxf2 Rc5 26. Qd3 f5 27. Qxf5 Kh8 28. Rd1 Qe8 29. Nh4 Qa4 30. Ng6+ Kg8
31. Nde7+
1-0

[Event "King of the Hill: King of the Hill Test Tournament"]
[Site "SchemingMind.com"]
[Date "2022.01.19"]
[Round "-"]
[White "David Perna-Fraser"]
[Black "geekknight"]
[Result "0-1"]
[WhiteCountry "CAN"]
[BlackCountry "NED"]
[WhiteElo "1719"]
[WhiteRD "124"]
[BlackElo "1861"]
[BlackRD "138"]
[GameID "719629"]

1. e4 c6 2. d4 d5 3. e5 Bf5 4. g4 Be4 5. f3 Bg6 6. h4 h5 7. Ne2 e6 8. Nf4 Ne7 9. Nc3 hxg4 10. fxg4 c5
11. Nb5 Nec6 12. Nxg6 fxg6 13. Bg5 Qa5+ 14. Qd2 Kd7 15. Qxa5 Nxa5 16. dxc5 Bxc5 17. c4 Nbc6 18. cxd5 exd5 19. Rd1 Ke6 20. Bf4 Bb6
21. Bg2 Rad8 22. Nc3 d4 23. Kf2 Nxe5 24. Na4 Nac4 25. Nxb6 Nxb6 26. Rhe1 Nc4 27. Bxe5 Nxe5 28. Rd2 Rhf8+ 29. Kg3 d3 30. Bxb7 Rd4
31. g5 Kd6 32. Re3 Nc6 33. Bxc6 Kxc6 34. Re5 Rf5 35. Rxf5 gxf5 36. h5 Kd5
0-1

[Event "King of the Hill: King of the Hill Test Tournament"]
[Site "SchemingMind.com"]
[Date "2022.01.15"]
[Round "-"]
[White "Robert Hatfield"]
[Black "JPT"]
[Result "0-1"]
[WhiteCountry "USA"]
[BlackCountry "INT"]
[WhiteElo "1382"]
[WhiteRD "146"]
[BlackElo "1546"]
[BlackRD "158"]
[GameID "719636"]

1. e4 d5 2. exd5 Qxd5 3. Nc3 Qe5+ 4. Be2 Bg4 5. Nf3 Bxf3 6. gxf3 Kd7 7. d4 Kd6 8. f4 Qa5 9. Bd2 Qxc3 10. Bf3 Qc4
11. Be3 Nf6 12. Rg1 h6 13. f5 g5 14. Qd3 Qxd3 15. cxd3 Bg7 16. Kd2 Nc6 17. Kc3 Nd5+ 18. Kc4 b5+
0-1

[Event "King of the Hill: King of the Hill Test Tournament"]
[Site "SchemingMind.com"]
[Date "2022.01.15"]
[Round "-"]
[White "Manfred Kraut"]
[Black "Robert Hatfield"]
[Result "1-0"]
[WhiteCountry "GER"]
[BlackCountry "USA"]
[WhiteElo "1284"]
[WhiteRD "196"]
[BlackElo "1382"]
[BlackRD "146"]
[GameID "719637"]

1. e4 e5 2. d4 exd4 3. Nf3 c5 4. Bc4 Be7 5. Ne5 Qa5+ 6. Bd2 Qc7 7. Nxf7 Nf6 8. Ng5 b5 9. Bxb5 Nc6 10. g3 Qe5
11. Bf4
1-0

[Event "King of the Hill: King of the Hill Test Tournament"]
[Site "SchemingMind.com"]
[Date "2022.01.16"]
[Round "-"]
[White "Robert Hatfield"]
[Black "David Perna-Fraser"]
[Result "0-1"]
[WhiteCountry "USA"]
[BlackCountry "CAN"]
[WhiteElo "1625"]
[WhiteRD "109"]
[BlackElo "1719"]
[BlackRD "124"]
[GameID "719638"]

1. e4 d5 2. exd5 Qxd5 3. Nf3 Bg4 4. Be2 Kd7 5. Nc3 Kd6 6. d4 Qa5 7. Bf4+ e5 8. dxe5+ Ke7 9. O-O Nc6 10. h3 Bxf3
11. Bxf3 Rd8 12. Qe2 h6 13. Rad1 Nd4 14. Rxd4 Rxd4 15. Bg3 a6 16. Bxb7 Qb4 17. Nd5+ Rxd5 18. Bxd5 Qb5 19. c4 Qc5 20. Qf3 f6
21. exf6+ Nxf6 22. Qe2+ Kd8 23. Rd1 Bd6 24. Bf7 Kd7 25. Qe6+ Kc6 26. Bxd6 cxd6 27. a3 Qe5 28. Qxe5 dxe5 29. b4 Rf8 30. f3 Rxf7
31. Kf2 Ne4+ 32. Ke3 Ng3 33. Rd5 Rf4 34. Rxe5 Rxc4 35. Kf2 Nh1+ 36. Ke3 Ng3 37. Kd3 Kd6 38. Ra5= Rh4 39. Rc5 Nh5 40. Rxh5 g5
0-1

[Event "King of the Hill: King of the Hill Test Tournament"]
[Site "SchemingMind.com"]
[Date "2022.01.15"]
[Round "-"]
[White "Thomas Jacob Kelly"]
[Black "Robert Hatfield"]
[Result "0-1"]
[WhiteCountry "USA"]
[BlackCountry "USA"]
[WhiteElo "1602"]
[WhiteRD "166"]
[BlackElo "1382"]
[BlackRD "146"]
[GameID "719639"]

1. c4 e5 2. g3 Nf6 3. d4 exd4 4. Qxd4 Nc6 5. Qe3+ Be7 6. h3 O-O 7. Nd2 Re8 8. Bg2 d5 9. b3 Nb4 10. Kd1 Bf5
11. Bb2 Nc2 12. Qf4 Nxa1 13. Qxf5 dxc4 14. Bxb7 Rb8 15. Bc6 Bb4 16. Nf3 Re6 17. Nd4 Rxc6 18. Bxa1 c3 19. N2f3 Rd6 20. Kc2 Rxd4
21. Nxd4 Qxd4 22. Rd1 Qb6 23. g4 Re8 24. e3 h6 25. Bxc3 Qc6 26. Rd3 Ne4 27. a3 Bxc3 28. Rd7 Bf6+ 29. Kd3 Qc3+ 30. Ke2 Ng3+
31. fxg3 Qxe3+
0-1

[Event "King of the Hill: King of the Hill Test Tournament"]
[Site "SchemingMind.com"]
[Date "2022.01.15"]
[Round "-"]
[White "Robert Hatfield"]
[Black "Abstract Actuary"]
[Result "1-0"]
[WhiteCountry "USA"]
[BlackCountry "USA"]
[WhiteElo "1382"]
[WhiteRD "146"]
[BlackElo "1500"]
[BlackRD "184"]
[GameID "719640"]

1. e4 e6 2. c4 c6 3. d4 d5 4. e5 Qh4 5. Nc3 Bb4 6. Nf3 Qe4+ 7. Be3 f6 8. Bd3 Qg4 9. O-O Ne7 10. cxd5 cxd5
11. Nb5 Na6 12. a3 Ba5 13. Nd6+ Kd7 14. Rc1 Bc7 15. Nb5 Nc6 16. b4 fxe5 17. dxe5 Qh5 18. Qc2 Bxe5 19. Nbd4 Nxd4 20. Nxe5+ Qxe5
21. Bxd4 Qxd4 22. Bxa6 e5 23. Qc7+ Ke6 24. Qxg7 Rd8 25. Be2 Qf4 26. Bg4+ Kd6 27. Qc7#
1-0

[Event "King of the Hill: King of the Hill Test Tournament"]
[Site "SchemingMind.com"]
[Date "2022.01.15"]
[Round "-"]
[White "Robert Hatfield"]
[Black "emakis"]
[Result "0-1"]
[WhiteCountry "USA"]
[BlackCountry "GRE"]
[WhiteElo "1382"]
[WhiteRD "146"]
[BlackElo "1669"]
[BlackRD "174"]
[GameID "719641"]

1. e4 c5 2. Nf3 g6 3. d4 cxd4 4. Nxd4 Bg7 5. Be2 d5 6. exd5 Qxd5 7. Nf3 Qxd1+ 8. Kxd1 Bf5 9. Nc3 Nc6 10. Bb5 O-O-O+
11. Bd2 Nd4 12. Nxd4 Rxd4 13. Kc1 Bh6 14. Bxh6 Nxh6 15. b3 Kc7 16. Kb2 Kd6 17. Rhe1 Rc8 18. Bc4 a6 19. Rad1 Rxd1 20. Nxd1 e5
21. Ne3 e4 22. f4 exf3 23. Nxf5+ Nxf5 24. gxf3 b5 25. Bxf7 Rf8 26. Re6+ Kd5
0-1

[Event "King of the Hill: King of the Hill Test Tournament"]
[Site "SchemingMind.com"]
[Date "2022.01.15"]
[Round "-"]
[White "Diadoco"]
[Black "Robert Hatfield"]
[Result "1-0"]
[WhiteCountry "MEX"]
[BlackCountry "USA"]
[WhiteElo "1835"]
[WhiteRD "211"]
[BlackElo "1382"]
[BlackRD "146"]
[GameID "719642"]

1. e4 e5 2. f4 exf4 3. Nf3 d5 4. e5 Nc6 5. d4 Be7 6. Bxf4 Bg4 7. c3 Qd7 8. Be2 O-O-O 9. Nbd2 Nh6 10. b4 Nb8
11. O-O Nf5 12. Ng5 Bxe2 13. Qxe2 Bxg5 14. Bxg5 Rde8 15. Nb3 b6 16. a4 f6 17. Bd2 fxe5 18. dxe5 Rhf8 19. Nd4 Nxd4 20. cxd4 Rxf1+
21. Qxf1 Qg4 22. Qd3 Qe4 23. Qxe4 dxe4 24. Kf2 Kd7 25. Ke3 Ke6 26. Kxe4
1-0

[Event "King of the Hill: King of the Hill Test Tournament"]
[Site "SchemingMind.com"]
[Date "2022.01.15"]
[Round "-"]
[White "Arnold Jones"]
[Black "Robert Hatfield"]
[Result "0-1"]
[WhiteCountry "ENG"]
[BlackCountry "USA"]
[WhiteElo "1245"]
[WhiteRD "152"]
[BlackElo "1382"]
[BlackRD "146"]
[GameID "719643"]

1. d4 Nf6 2. c4 e6 3. Kd2 d5 4. e3 Bb4+ 5. Kc2 O-O 6. a3 Be7 7. Nc3 c5 8. f3 Nc6 9. b3 dxc4 10. Bxc4 cxd4
11. Ne4 e5 12. Nxf6+ Bxf6 13. Kd3 Bf5+ 14. e4 Bg6 15. Bd5 Qxd5 16. b4 Rac8 17. Ne2 Rfd8 18. Bd2 Nxb4+ 19. axb4 Qc4#
0-1

[Event "King of the Hill: King of the Hill Test Tournament"]
[Site "SchemingMind.com"]
[Date "2022.01.15"]
[Round "-"]
[White "geekknight"]
[Black "Robert Hatfield"]
[Result "1-0"]
[WhiteCountry "NED"]
[BlackCountry "USA"]
[WhiteElo "1782"]
[WhiteRD "174"]
[BlackElo "1382"]
[BlackRD "146"]
[GameID "719644"]

1. e4 e5 2. Nf3 Nc6 3. Bb5 Bc5 4. c3 a6 5. Ba4 Nf6 6. d4 exd4 7. e5 Nd5 8. O-O O-O 9. cxd4 Nb6 10. Bxc6 dxc6
11. dxc5 Nd5 12. Bg5
1-0

[Event "King of the Hill: King of the Hill Test Tournament"]
[Site "SchemingMind.com"]
[Date "2022.01.19"]
[Round "-"]
[White "j4orce"]
[Black "surfnsuds"]
[Result "1-0"]
[WhiteCountry "USA"]
[BlackCountry "USA"]
[WhiteElo "1790"]
[WhiteRD "169"]
[BlackElo "1188"]
[BlackRD "110"]
[GameID "719652"]

1. d4 Nf6 2. Nc3 d5 3. Nf3 Nc6 4. Bf4 Bg4 5. Kd2 g5 6. Bxg5 Ne4+ 7. Ke3 Bf5 8. h4 f6 9. Bf4 Rg8 10. Qd3 Rg4
11. Nxe4 e5 12. Nxf6+ Qxf6 13. dxe5 Nxe5 14. Kd4
1-0

[Event "King of the Hill: King of the Hill Test Tournament"]
[Site "SchemingMind.com"]
[Date "2022.01.19"]
[Round "-"]
[White "j4orce"]
[Black "JPT"]
[Result "0-1"]
[WhiteCountry "USA"]
[BlackCountry "INT"]
[WhiteElo "1642"]
[WhiteRD "122"]
[BlackElo "1745"]
[BlackRD "125"]
[GameID "719653"]

1. Nf3 Nf6 2. Nc3 Nc6 3. e4 d5 4. d4 Nxe4 5. Ng5 Nxc3 6. Qf3 f6 7. Qxc3 fxg5 8. Bxg5 h6 9. Bf4 e5 10. Qe3 e4
11. Be2 Qf6 12. c3 Bd6 13. Bg3 O-O 14. Bxd6 cxd6 15. Rf1 Qf4 16. Qd2 Bd7 17. g3 Qf6 18. Qe3 a6 19. f3 Rae8 20. f4 Na5
21. Rc1 Nc4 22. Bxc4 dxc4 23. d5 g5 24. Rd1 Bh3 25. Rf2 Kg7 26. Rd4 b5 27. b3 Qg6 28. bxc4 gxf4 29. gxf4 Qg1+ 30. Kd2 Qb1
31. Re2 Qxa2+ 32. Ke1 Qa1+ 33. Rd1 Qa5 34. Qg3+ Kh7 35. Qxh3 Re7 36. c5 Rxf4 37. cxd6 Ref7 38. Qc8 Qa4 39. Rg2 Rf1+ 40. Ke2 Qxd1+
41. Ke3 Qd3#
0-1

[Event "King of the Hill: King of the Hill Test Tournament"]
[Site "SchemingMind.com"]
[Date "2022.01.19"]
[Round "-"]
[White "Manfred Kraut"]
[Black "j4orce"]
[Result "0-1"]
[WhiteCountry "GER"]
[BlackCountry "USA"]
[WhiteElo "1269"]
[WhiteRD "134"]
[BlackElo "1642"]
[BlackRD "122"]
[GameID "719654"]

1. e4 e5 2. Nf3 Nc6 3. Bc4 Nf6 4. O-O Bc5 5. b3 d6 6. Bb2 h6 7. Nc3 Be6 8. Bxe6 fxe6 9. Na4 Nxe4 10. d3 Nf6
11. Nxc5 dxc5 12. Nxe5 Nxe5 13. Bxe5 Ke7 14. c4 b6 15. Qf3 Qd7 16. Rfd1 Raf8 17. Qg3 Rhg8 18. Bxc7 Ne8 19. Be5 g5 20. Qh3 Rf5
21. Re1 Rg6 22. Qh5 Kf7 23. Re3 Nf6 24. Bxf6 Kxf6 25. Rae1 e5 26. Qh3 Qd4 27. g4 Rf4 28. Qg3 Rxg4 29. Rxe5 Rxg3+ 30. hxg3 Qxe5
31. Rxe5 Kxe5
0-1

[Event "King of the Hill: King of the Hill Test Tournament"]
[Site "SchemingMind.com"]
[Date "2022.01.19"]
[Round "-"]
[White "Abstract Actuary"]
[Black "j4orce"]
[Result "0-1"]
[WhiteCountry "USA"]
[BlackCountry "USA"]
[WhiteElo "1649"]
[WhiteRD "131"]
[BlackElo "1790"]
[BlackRD "169"]
[GameID "719655"]

1. e4 c5 2. d4 e5 3. dxe5 d6 4. exd6 Bxd6 5. c4 Nc6 6. Nc3 Be5 7. Qxd8+ Kxd8 8. Nd5 Nd4 9. Bd3 Kd7 10. f4 Kd6
11. Nf3 Nxf3+ 12. gxf3 Bd4 13. Ke2 g5 14. h4 h5 15. hxg5 Be6 16. Rb1 f6 17. gxf6 Bxd5 18. exd5 Nxf6 19. Be4 Nxe4 20. fxe4 Raf8
21. Kd3 Be5 22. Re1 Rhg8 23. Be3 Rg3 24. b4 Bxf4 25. bxc5+ Ke5
0-1

[Event "King of the Hill: King of the Hill Test Tournament"]
[Site "SchemingMind.com"]
[Date "2022.01.19"]
[Round "-"]
[White "emakis"]
[Black "j4orce"]
[Result "0-1"]
[WhiteCountry "GRE"]
[BlackCountry "USA"]
[WhiteElo "1683"]
[WhiteRD "149"]
[BlackElo "1790"]
[BlackRD "169"]
[GameID "719656"]

1. d4 d5 2. c4 e6 3. cxd5 h6 4. e4 exd5 5. e5 Bf5 6. Nc3 a6 7. Qb3 Ne7 8. Qxb7 Nbc6 9. Nxd5 Ra7 10. Nxc7+ Qxc7
11. Qxc7 Rxc7 12. Nf3 Nb4 13. Nh4 Kd7 14. b3 Bd3 15. g3 Bxf1 16. d5 Nexd5 17. Kxf1 Ke6 18. Bb2 Nc3
0-1

[Event "King of the Hill: King of the Hill Test Tournament"]
[Site "SchemingMind.com"]
[Date "2022.01.19"]
[Round "-"]
[White "j4orce"]
[Black "Diadoco"]
[Result "0-1"]
[WhiteCountry "USA"]
[BlackCountry "MEX"]
[WhiteElo "1642"]
[WhiteRD "122"]
[BlackElo "1761"]
[BlackRD "129"]
[GameID "719657"]

1. d4 d5 2. Nf3 Nf6 3. Nc3 c5 4. e4 dxe4 5. Nd2 cxd4 6. Ncxe4 e5 7. Bc4 Be7 8. h3 O-O 9. Ng3 Nc6 10. a3 a6
11. Nf3 h6 12. Bd3 Be6 13. Qe2 Qc7 14. Nh4 Rfe8 15. Nhf5 e4 16. Nxe7+ Rxe7 17. Nxe4 Nxe4 18. Bxe4 Bd5 19. f3 Kf8 20. O-O f5
21. Bd2 fxe4 22. fxe4+ Kg8 23. Bf4 Qd7 24. e5 Rae8 25. c4 Be6 26. Rad1 Qc7 27. Kf2 Bf5 28. Qf3 Qd7 29. Rfe1 Nxe5 30. Qd5+ Qxd5
31. cxd5 Nd3+ 32. Rxd3 Bxd3 33. Rd1 Bg6 34. Rxd4 Re4 35. Rxe4 Rxe4 36. Kf3 Kf7 37. h4 Rd4 38. Ke3 Rxd5 39. h5 Rd3+ 40. Ke2 Ke6
0-1

[Event "King of the Hill: King of the Hill Test Tournament"]
[Site "SchemingMind.com"]
[Date "2022.01.19"]
[Round "-"]
[White "j4orce"]
[Black "David Perna-Fraser"]
[Result "0-1"]
[WhiteCountry "USA"]
[BlackCountry "CAN"]
[WhiteElo "1635"]
[WhiteRD "116"]
[BlackElo "1749"]
[BlackRD "122"]
[GameID "719658"]

1. Nf3 d5 2. d4 Nf6 3. h3 c5 4. Nc3 e6 5. Bf4 Nc6 6. e3 Be7 7. Bb5 a6 8. Bxc6+ bxc6 9. Qe2 Qb6 10. b3 cxd4
11. Nxd4 Bb4 12. Qd3 Ne4 13. Ke2 Nxc3+ 14. Kf3 f5 15. g4 g6 16. a3 c5 17. axb4 cxd4 18. Qxd4 Qxd4 19. exd4 fxg4+ 20. hxg4 O-O
21. Ke3 Ra7 22. Be5 Raf7 23. f4 g5 24. Kd3 Ne4 25. Rhf1 gxf4 26. Ra5 Bb7 27. c4 f3 28. b5 f2 29. Kc2 Rf3 30. bxa6 Rc3+
31. Kb2 Rxb3+ 32. Kxb3 Nd2+ 33. Kb4 Nxf1 34. axb7 Ne3 35. b8=Q Rxb8+ 36. Bxb8 f1=Q 37. Kc5 Qf8+ 38. Bd6 Qc8+ 39. Kb5 Nxc4
0-1

[Event "King of the Hill: King of the Hill Test Tournament"]
[Site "SchemingMind.com"]
[Date "2022.01.19"]
[Round "-"]
[White "Thomas Jacob Kelly"]
[Black "j4orce"]
[Result "1-0"]
[WhiteCountry "USA"]
[BlackCountry "USA"]
[WhiteElo "1858"]
[WhiteRD "128"]
[BlackElo "1642"]
[BlackRD "122"]
[GameID "719659"]

1. e4 c5 2. b4 e5 3. Nf3 Nc6 4. b5 Nd4 5. Nxe5 Nf6 6. c3 Ne6 7. Qa4 b6 8. d4 Nxe4 9. d5 Qf6 10. Qxe4 Bb7
11. h4 Bd6 12. Nc4 Qe7 13. Bd3 h5 14. Bg5 Nxg5 15. Nxd6+ Kf8 16. Qxe7+ Kxe7 17. Nxb7 Kf6 18. f4 Ne6 19. dxe6 Kxe6 20. Be4 d5
21. Bf3 Kf5 22. g3 Rae8+ 23. Kd2 Re5 24. Nd6+ Ke6 25. Nxf7 Kxf7 26. fxe5 Ke6 27. Re1 Rf8 28. Bxh5 Rf2+ 29. Kd3 Rg2 30. Bg4+ Ke7
31. Re3
1-0

[Event "King of the Hill: King of the Hill Test Tournament"]
[Site "SchemingMind.com"]
[Date "2022.01.19"]
[Round "-"]
[White "Robert Hatfield"]
[Black "j4orce"]
[Result "1-0"]
[WhiteCountry "USA"]
[BlackCountry "USA"]
[WhiteElo "1625"]
[WhiteRD "109"]
[BlackElo "1642"]
[BlackRD "122"]
[GameID "719660"]

1. e4 c5 2. Nf3 Nc6 3. d4 cxd4 4. Nxd4 e5 5. Nb3 Nf6 6. Bc4 d6 7. O-O Nxe4 8. Qd5 Ng5 9. Bxg5 Qxg5 10. Qxf7+ Kd8
11. Be6 Bxe6 12. Qxe6 Be7 13. Nc3 Nb4 14. Rad1 Rf8 15. Rxd6+ Bxd6 16. Qxd6+ Ke8 17. Qxb4 Qf5 18. Qxb7 Rd8 19. Nd5 Rd7 20. Qc6 Kf7
21. Nc5 Rxd5 22. Qxd5+ Kg6 23. Ne4 h5 24. c4 Rf7 25. c5 h4 26. Qd6+ Rf6 27. Nxf6 Qxf6 28. Re1 Kf5 29. Qd3+ Ke6 30. c6 Qe7
31. Qe4 Qd6 32. b4 Qd5 33. Qg6+ Ke7 34. Qxg7+ Qf7 35. Qxe5+ Kd8 36. Rd1+ Kc8 37. Rd7
1-0

[Event "King of the Hill: King of the Hill Test Tournament"]
[Site "SchemingMind.com"]
[Date "2022.01.19"]
[Round "-"]
[White "geekknight"]
[Black "j4orce"]
[Result "1-0"]
[WhiteCountry "NED"]
[BlackCountry "USA"]
[WhiteElo "1823"]
[WhiteRD "143"]
[BlackElo "1790"]
[BlackRD "169"]
[GameID "719661"]

1. c4 e5 2. g3 Bc5 3. Nc3 c6 4. Bg2 Nf6 5. e3 d6 6. Nge2 Ke7 7. d4 d5 8. dxc5 Bf5 9. cxd5 e4 10. Nf4 cxd5
11. Qd4 Re8 12. Nfxd5+ Ke6 13. Nf4+ Ke7 14. b4 Nc6 15. Qc4 h6 16. Bb2 Kf8 17. Rd1 Qc7 18. Ncd5 Nxd5 19. Nxd5 Qd8 20. Nf6 Qxd1+
21. Kxd1 gxf6 22. Kc2 Ne5 23. Bxe5 fxe5 24. Rd1 b6 25. c6 Be6 26. Qxe4 Rac8 27. b5 Rcd8 28. Rxd8 Rxd8 29. Qxe5 Ke7 30. c7 Re8
31. Kc3
1-0

[Event "King of the Hill: King of the Hill Test Tournament"]
[Site "SchemingMind.com"]
[Date "2022.01.18"]
[Round "-"]
[White "surfnsuds"]
[Black "DANDYLIONHONEYBADGER"]
[Result "0-1"]
[WhiteCountry "USA"]
[BlackCountry "USA"]
[WhiteElo "1188"]
[WhiteRD "110"]
[BlackElo "1530"]
[BlackRD "149"]
[GameID "719663"]

1. d4 d5 2. Nc3 Nf6 3. Nxd5 Qxd5 4. e3 e5 5. Nf3 Bg4 6. Qd3 e4 7. Qe2 exf3 8. gxf3 Bxf3 9. Qb5+ c6 10. Qxb7 Bxh1
11. b3 Nfd7 12. c4 Qe4 13. d5 Ke7 14. Kd2 Kf6 15. Bb2+ Kf5 16. Bd3 Bb4+ 17. Bc3 Bxc3+ 18. Kxc3 Ke5
0-1

[Event "King of the Hill: King of the Hill Test Tournament"]
[Site "SchemingMind.com"]
[Date "2022.01.18"]
[Round "-"]
[White "JPT"]
[Black "DANDYLIONHONEYBADGER"]
[Result "1-0"]
[WhiteCountry "INT"]
[BlackCountry "USA"]
[WhiteElo "1733"]
[WhiteRD "138"]
[BlackElo "1530"]
[BlackRD "149"]
[GameID "719664"]

1. e4 Nc6 2. d4 e5 3. dxe5 Nxe5 4. Qd5 d6 5. Ke2 c5 6. h3 Be6 7. Qxb7 Nf6 8. Qb5+ Bd7 9. Qb3 Rb8 10. Bg5 Rxb3
11. axb3 Bb5+ 12. c4 Bc6 13. Nc3 Be7 14. f4 Nxe4 15. Nxe4 Bxe4 16. Nf3 Bd3+ 17. Ke3 Qd7 18. Bxd3 d5 19. cxd5 Qxd5 20. Bb5+ Nd7
21. Rhd1 Qf5 22. Bxd7+
1-0

[Event "King of the Hill: King of the Hill Test Tournament"]
[Site "SchemingMind.com"]
[Date "2022.01.19"]
[Round "-"]
[White "DANDYLIONHONEYBADGER"]
[Black "Manfred Kraut"]
[Result "1-0"]
[WhiteCountry "USA"]
[BlackCountry "GER"]
[WhiteElo "1530"]
[WhiteRD "149"]
[BlackElo "1294"]
[BlackRD "138"]
[GameID "719665"]

1. d4 g6 2. Kd2 d5 3. Nf3 Bg7 4. Nc3 Nc6 5. e4 dxe4 6. Nxe4 Nxd4 7. Ke3 Bf5 8. Nxd4 e6 9. Bb5+ c6 10. Bd3 Qxd4+
11. Kf3 Nf6 12. Be3 Nxe4 13. Bxd4 Bxd4 14. Bxe4 c5 15. c3 Rd8 16. Kf4 Ke7 17. Qxd4 cxd4 18. Ke5
1-0